<?xml version="1.0" encoding="UTF-8"?>
<marc:record xmlns:marc="http://www.loc.gov/MARC21/slim">
   <marc:leader>00000nam a2200000 a 4500</marc:leader>
   <marc:datafield ind1="0" ind2="0" tag="245">
      <marc:subfield code="a">Greatest Showman</marc:subfield>
   </marc:datafield>
   <marc:datafield ind1=" " ind2="1" tag="264">
      <marc:subfield code="b">Twentieth Century Fox Home Entertainment</marc:subfield>
      <marc:subfield code="c">2018</marc:subfield>
   </marc:datafield>
   <marc:datafield ind1="1" ind2=" " tag="520">
      <marc:subfield code="a">Nachdem B.T. Barnum seinen Job verliert, sieht die Zukunft seiner Familie nicht sehr rosig aus. Doch dann überkommt in die Idee, ein Kuriositätenkabinett zu gründen. Der Erfolg seiner Show ist enorm, doch sein Drang nach mehr wird im bald zum Verhängnis ...</marc:subfield>
   </marc:datafield>
   <marc:datafield ind1="3" ind2=" " tag="024">
      <marc:subfield code="a">4010232072795</marc:subfield>
   </marc:datafield>
</marc:record>
